Statistics for Top 10 NFL teams by Instagram followers

Click here to take the quiz!

General Stats

  • This quiz has been taken 35 times
  • The average score is 8 of 10

Answer Stats

HintAnswer% Correct
4.2mKansas City Chiefs
100%
5mNew England Patriots
92%
4.8mDallas Cowboys
88%
3.6mPittsburgh Steelers
88%
3.8mSan Francisco 49ers
84%
2.7mGreen Bay Packers
80%
2.7kmNew York Giants
80%
2.3mLas Vegas Raiders
72%
3.3mSeattle Seahawks
68%
3.5mPhiladelphia Eagles
64%

Score Distribution

Percentile by Number Answered

Percent of People with Each Score

Your Score History

You have not taken this quiz